000
00309nam a2200109Ia 4500
005
20251222152555.0
008
251222s9999||||xx |||||||||||||| ||spa||
082
_a
791.4372/A79
100
_a
Asamblea Internacional de Resposables de Comunión y Liberación
245
0
_a
Amigos es decir Testigos:
942
_c
LIB
999
_c
26378
_d
26378